[Event "Landesliga Sued U20 1819"]
[Site "Bayern"]
[Date "2019.01.26"]
[Round "4.4"]
[White "McPherson, Elisha"]
[Black "Pham, Ngoc Kevin Duc"]
[Result "1-0"]
[WhiteElo "1718"]
[BlackElo "1381"]
[PlyCount "115"]
[EventDate "2018.11.17"]
[EventType "team-tourn"]
[EventRounds "7"]
[EventCountry "GER"]
[SourceTitle "EXT 2022"]
[Source "ChessBase"]
[SourceDate "2021.10.06"]
[SourceVersion "1"]
[SourceVersionDate "2021.10.06"]
[SourceQuality "1"]
[WhiteTeam "Augsburg SF U20 II"]
[BlackTeam "Haar U20"]
[WhiteTeamCountry "GER"]
[BlackTeamCountry "GER"]

1. e4 e5 2. Nf3 Nc6 3. d4 exd4 4. Bc4 Nf6 5. e5 d5 6. Bb5 Bd7 7. exf6 Qxf6 8. 0-0 a6 9. Bxc6 Bxc6 10. Re1+ Kd7 11. Ne5+ Kc8 12. Qg4+ Qe6 13. Qxd4 Bd6 14. Nd3 Qg6 15. Bf4 Bxf4 16. Qxf4 Rd8 17. Re7 Rd7 18. Rxd7 Bxd7 19. Nd2 b6 20. Re1 Be6 21. Nf3 Qf6 22. Qxf6 gxf6 23. Nf4 Kd7 24. Nd4 Re8 25. Nh5 Kd6 26. Nf5+ Kc5 27. Nxf6 Rd8 28. Re5 Bxf5 29. Rxf5 c6 30. Nxh7 Re8 31. Kf1 Kb5 32. Rxf7 c5 33. Nf6 Re5 34. Nd7 Re4 35. Rf6 d4 36. Rxb6+ Kc4 37. Rxa6 Kd5 38. Nf6+ Ke5 39. Nxe4 Kxe4 40. Ke2 c4 41. Rd6 Ke5 42. Rd8 Ke4 43. a4 Ke5 44. a5 Ke4 45. a6 Ke5 46. Kf3 Ke6 47. Rxd4 Ke5 48. Rxc4 Kd5 49. Rc8 Kd6 50. Ke4 Kd7 51. Rc3 Kd8 52. Kd5 Kd7 53. Rc6 Ke7 54. Rb6 Kf7 55. Ke5 Ke7 56. Rb7+ Kd8 57. a7 Kc8 58. a8Q# 1-0

[Event "Landesliga U20 Sued 1718"]
[Site "Bayern"]
[Date "2017.12.02"]
[Round "3.4"]
[White "Chen, Victor1111"]
[Black "Pham, Ngoc Kevin Duc"]
[Result "1-0"]
[WhiteElo "1771"]
[BlackElo "1107"]
[PlyCount "85"]
[EventDate "2017.11.18"]
[EventType "team-tourn"]
[EventRounds "7"]
[EventCountry "GER"]
[SourceTitle "EXT 2022"]
[Source "ChessBase"]
[SourceDate "2021.10.06"]
[SourceVersion "1"]
[SourceVersionDate "2021.10.06"]
[SourceQuality "1"]
[WhiteTeam "Muenchen Tarrasch U20"]
[BlackTeam "Haar U20"]
[WhiteTeamCountry "GER"]
[BlackTeamCountry "GER"]

1. e4 e5 2. Nf3 Nc6 3. Bb5 Nf6 4. d3 a6 5. Bxc6 dxc6 6. Nxe5 Bd6 7. Nf3 h6 8. 0-0 Bg4 9. Re1 Nd7 10. h3 Bh5 11. Be3 0-0 12. c3 Ne5 13. g4 Bg6 14. Nxe5 Bxe5 15. d4 Bf6 16. Nd2 Re8 17. Qf3 Bg5 18. Bxg5 Qxg5 19. Nc4 Rad8 20. Ne5 Re6 21. Qg3 Rf6 22. Nxg6 Rxg6 23. Qxc7 Re8 24. Qd7 Kf8 25. Re3 h5 26. e5 hxg4 27. Rg3 Qh4 28. Kf1 b5 29. hxg4 Rd8 30. Qf5 Qh1+ 31. Rg1 Qh3+ 32. Ke2 Qh4 33. Qh5 Qg5 34. Qxg5 Rxg5 35. f4 Rg6 36. g5 f5 37. a4 Rd5 38. axb5 cxb5 39. Ra5 Rd7 40. Rga1 Ra7 41. d5 Ke7 42. d6+ Ke6 43. Rxa6 1-0